[Event "Vesterhavs B-Gruppe"]
[Site "Esbjerg"]
[Date "2003.07.09"]
[Round "6"]
[White "Vovk, Oksana"]
[Black "Hovmoller, Kristian"]
[Result "1/2-1/2"]
[WhiteElo "2107"]
[BlackElo "2302"]
[PlyCount "86"]
[EventDate "2003.07.04"]
[EventType "tourn"]
[EventRounds "9"]
[EventCountry "DEN"]

1. c4 Nf6 2. Nc3 b6 3. e4 Bb7 4. d3 d6 5. g3 e6 6. Bg2 c5 7. Nge2 a6 8. O-O Qc7
9. h3 Be7 10. Be3 O-O 11. Rc1 Nbd7 12. d4 cxd4 13. Nxd4 Rac8 14. b3 Qb8 15. Kh2
Rfe8 16. Qe2 Qa8 17. Bd2 Bf8 18. Rfe1 Ne5 19. Nc2 Nfd7 20. f4 Ng6 21. Qf1 Rc7
22. Re3 Rec8 23. Nd4 Be7 24. Qf2 Bf6 25. Nde2 Nc5 26. h4 Rd8 27. Rf1 Rcc8 28.
h5 Nf8 29. Bc1 b5 30. b4 Na4 31. Nxa4 bxa4 32. e5 Bxg2 33. Qxg2 Qxg2+ 34. Kxg2
dxe5 35. fxe5 Bg5 36. Rc3 Bxc1 37. Nxc1 Nd7 38. Nd3 Nb6 39. Rfc1 Rd4 40. Nc5
Rd2+ 41. Kf3 Rxa2 42. Nxa6 Rb2 43. Ke4 Re2+ 1/2-1/2

[Event "Vesterhavs B-Gruppe"]
[Site "Esbjerg"]
[Date "2003.07.09"]
[Round "6"]
[White "Skytte, Rasmus"]
[Black "Berkvens, Joost"]
[Result "1/2-1/2"]
[WhiteElo "2404"]
[BlackElo "2459"]
[PlyCount "39"]
[EventDate "2003.07.04"]
[EventType "tourn"]
[EventRounds "9"]
[EventCountry "DEN"]

1. e4 c5 2. c3 d5 3. exd5 Qxd5 4. d4 Nf6 5. Nf3 e6 6. Bd3 Nc6 7. O-O cxd4 8.
cxd4 Be7 9. Nc3 Qd6 10. Bg5 O-O 11. Rc1 Nd5 12. Re1 Bxg5 13. Nxg5 h6 14. Nf3
Nf6 15. Ne4 Nxe4 16. Bxe4 Bd7 17. d5 exd5 18. Qxd5 Qxd5 19. Bxd5 Rfe8 20. a3
1/2-1/2

[Event "Vesterhavs B-Gruppe"]
[Site "Esbjerg"]
[Date "2003.07.09"]
[Round "6"]
[White "Pedersen, Christian Kyndel"]
[Black "Kasparov, Sergey"]
[Result "0-1"]
[WhiteElo "2271"]
[BlackElo "2482"]
[PlyCount "78"]
[EventDate "2003.07.04"]
[EventType "tourn"]
[EventRounds "9"]
[EventCountry "DEN"]

1. Nf3 Nf6 2. c4 c5 3. Nc3 e6 4. g3 b6 5. Bg2 Bb7 6. O-O Be7 7. Re1 d6 8. e4 a6
9. d4 cxd4 10. Nxd4 Qc7 11. Be3 Nbd7 12. Rc1 O-O 13. b3 Rac8 14. g4 Nc5 15. f3
h6 16. Qd2 Nh7 17. Nce2 Bg5 18. Ng3 Bxe3+ 19. Qxe3 Rfe8 20. Nh5 g6 21. Ng3 e5
22. Nde2 Kg7 23. Nc3 Qb8 24. b4 Ne6 25. Bf1 Bc6 26. Nd5 Bxd5 27. cxd5 Nd4 28.
Bxa6 Rxc1 29. Rxc1 b5 30. a4 bxa4 31. b5 Ng5 32. Rf1 Ngxf3+ 33. Rxf3 Nxf3+ 34.
Qxf3 Qb6+ 35. Kg2 Qc5 36. Ne2 a3 37. Qb3 Re7 38. Nc3 Rc7 39. Nb1 Qc2+ 0-1

[Event "Vesterhavs B-Gruppe"]
[Site "Esbjerg"]
[Date "2003.07.09"]
[Round "6"]
[White "Bromann, Thorbjorn"]
[Black "Mikkelsen, Nikolaj"]
[Result "1/2-1/2"]
[WhiteElo "2360"]
[BlackElo "2104"]
[PlyCount "123"]
[EventDate "2003.07.04"]
[EventType "tourn"]
[EventRounds "9"]
[EventCountry "DEN"]

1. d4 Nf6 2. Nc3 g6 3. e4 d6 4. Bg5 Bg7 5. f4 c6 6. Qd2 b5 7. Bd3 Qb6 8. e5 Nd5
9. Nxd5 cxd5 10. exd6 Qxd6 11. Bxb5+ Bd7 12. Bxd7+ Nxd7 13. Ne2 O-O 14. O-O Nf6
15. Bxf6 Bxf6 16. c3 a5 17. Nc1 Rfc8 18. Nd3 e6 19. Rf3 Qb6 20. Rh3 h5 21. Rf1
Kg7 22. Qe2 Rh8 23. Rg3 Bh4 24. Re3 Rab8 25. Qf3 Bf6 26. Re2 Qc7 27. f5 gxf5
28. Nf4 Bg5 29. Nxh5+ Kg6 30. Nf4+ Bxf4 31. Qxf4 Qxf4 32. Rxf4 a4 33. Rf1 Rhc8
34. Rc2 Rc4 35. Kf2 Rbc8 36. Re1 Kg5 37. Ke3 Rb8 38. Rb1 Rc7 39. Kd3 Rc4 40. b3
Rc7 41. c4 axb3 42. Rxb3 dxc4+ 43. Rxc4 Rxc4 44. Kxc4 Rh8 45. h3 Ra8 46. a3
Ra4+ 47. Kb5 Rxd4 48. a4 Rd2 49. g3 e5 50. a5 e4 51. a6 Ra2 52. Kb6 f4 53. Rb5+
f5 54. g4 Kh4 55. Rxf5 f3 56. a7 Kxh3 57. Ra5 Rxa5 58. Kxa5 f2 59. a8=Q f1=Q
60. Qxe4 Qa1+ 61. Kb5 Qg7 62. Qf3+ 1/2-1/2

[Event "Vesterhavs B-Gruppe"]
[Site "Esbjerg"]
[Date "2003.07.10"]
[Round "7"]
[White "Mikkelsen, Nikolaj"]
[Black "Pedersen, Christian Kyndel"]
[Result "0-1"]
[WhiteElo "2104"]
[BlackElo "2271"]
[PlyCount "94"]
[EventDate "2003.07.04"]
[EventType "tourn"]
[EventRounds "9"]
[EventCountry "DEN"]

1. e4 c5 2. Nf3 e6 3. d4 cxd4 4. Nxd4 a6 5. Nc3 b5 6. Be3 Bb7 7. f3 Qc7 8. Qd2
Nf6 9. g4 b4 10. Nce2 d5 11. e5 Nfd7 12. f4 Nc5 13. Ng3 Nbd7 14. Bg2 Na4 15. b3
Nc3 16. O-O Bc5 17. Rae1 Nb5 18. f5 Qb6 19. fxe6 fxe6 20. Nxb5 axb5 21. Nh5
O-O-O 22. Qf2 d4 23. Bxb7+ Kxb7 24. Qg2+ Kb8 25. Bg5 Rdf8 26. Nxg7 Rhg8 27. Bf6
Rf7 28. Nh5 d3+ 29. Kh1 dxc2 30. h3 Qb7 31. Re2 Bd4 32. Rxc2 Bxe5 33. Bxe5+
Nxe5 34. Qxb7+ Kxb7 35. Rfc1 Nf3 36. Rf1 e5 37. Rcf2 Rgf8 38. Ng3 Kc6 39. Nf5
e4 40. Nd4+ Kd5 41. Nxf3 Rxf3 42. Rxf3 Rxf3 43. Rxf3 exf3 44. Kg1 Ke4 45. Kf2
Kf4 46. g5 Ke4 47. Ke1 Ke5 0-1

[Event "Vesterhavs B-Gruppe"]
[Site "Esbjerg"]
[Date "2003.07.10"]
[Round "7"]
[White "Hovmoller, Kristian"]
[Black "Bromann, Thorbjorn"]
[Result "1/2-1/2"]
[WhiteElo "2302"]
[BlackElo "2360"]
[PlyCount "104"]
[EventDate "2003.07.04"]
[EventType "tourn"]
[EventRounds "9"]
[EventCountry "DEN"]

1. d4 d5 2. Nf3 Nc6 3. e3 Bg4 4. Bb5 e6 5. c4 Nge7 6. cxd5 exd5 7. h3 Bh5 8.
O-O a6 9. Be2 Nc8 10. Nc3 Nb6 11. Ne5 Bxe2 12. Nxc6 Qf6 13. Nxe2 Qxc6 14. Bd2
Bd6 15. Rc1 Qd7 16. Qe1 Qb5 17. b3 a5 18. Nc3 Qd3 19. Qe2 Qxe2 20. Nxe2 a4 21.
Nc3 c6 22. Rb1 axb3 23. axb3 Kd7 24. Ra1 Bb4 25. Rfb1 Rxa1 26. Rxa1 Ra8 27.
Rxa8 Nxa8 28. Kf1 Nc7 29. Ke2 Bxc3 30. Bxc3 f5 31. f3 Nb5 32. Bb4 f4 33. Bf8 g6
34. Kd3 fxe3 35. Kxe3 Nc7 36. Bg7 b6 37. Be5 Ne6 38. g4 c5 39. f4 Nd8 40. Kd3
Nc6 41. Kc3 Ke6 42. Bg7 Kf7 43. Be5 Ke7 44. Kd3 Na5 45. Kc3 Nc6 46. Kd3 Kd7 47.
Kc3 Ke6 48. Bg7 h5 49. Bh8 Na5 50. b4 cxd4+ 51. Bxd4 Nc4 52. b5 Na3 1/2-1/2

[Event "Vesterhavs B-Gruppe"]
[Site "Esbjerg"]
[Date "2003.07.10"]
[Round "7"]
[White "Hunt, Adam"]
[Black "Vovk, Oksana"]
[Result "1-0"]
[WhiteElo "2395"]
[BlackElo "2107"]
[PlyCount "41"]
[EventDate "2003.07.04"]
[EventType "tourn"]
[EventRounds "9"]
[EventCountry "DEN"]

1. e4 e6 2. d4 d5 3. Nc3 Nf6 4. Bg5 Be7 5. e5 Nfd7 6. h4 Bxg5 7. hxg5 Qxg5 8.
Qd3 Nf8 9. Nf3 Qe7 10. Nh4 Bd7 11. Qg3 Rg8 12. Nf5 Qb4 13. O-O-O g6 14. a3 Qa5
15. Nh6 Rg7 16. Qg5 f6 17. exf6 Rf7 18. Nxf7 Kxf7 19. Qh6 Nc6 20. Qg7+ Ke8 21.
Bb5 1-0

[Event "Vesterhavs B-Gruppe"]
[Site "Esbjerg"]
[Date "2003.07.10"]
[Round "7"]
[White "Kasparov, Sergey"]
[Black "Skytte, Rasmus"]
[Result "1/2-1/2"]
[WhiteElo "2482"]
[BlackElo "2404"]
[PlyCount "33"]
[EventDate "2003.07.04"]
[EventType "tourn"]
[EventRounds "9"]
[EventCountry "DEN"]

1. d4 d5 2. c4 Bf5 3. Nc3 e6 4. Nf3 c6 5. Qb3 Qb6 6. c5 Qc7 7. Bf4 Qc8 8. Nh4
Bg6 9. Nxg6 hxg6 10. e4 Nf6 11. exd5 Nxd5 12. Nxd5 cxd5 13. Bxb8 Rxb8 14. Bb5+
Kd8 15. g3 Qc7 16. O-O Be7 17. Rad1 1/2-1/2

[Event "Vesterhavs B-Gruppe"]
[Site "Esbjerg"]
[Date "2003.07.11"]
[Round "8"]
[White "Vovk, Oksana"]
[Black "Berkvens, Joost"]
[Result "0-1"]
[WhiteElo "2107"]
[BlackElo "2459"]
[PlyCount "62"]
[EventDate "2003.07.04"]
[EventType "tourn"]
[EventRounds "9"]
[EventCountry "DEN"]

1. d4 Nf6 2. c4 g6 3. Nc3 Bg7 4. Nf3 O-O 5. Bg5 c5 6. e3 cxd4 7. exd4 d5 8.
Bxf6 Bxf6 9. Nxd5 Bg7 10. Qd2 Nc6 11. Be2 Bg4 12. Rd1 Bxf3 13. Bxf3 Nxd4 14.
Be4 e6 15. Ne3 Qh4 16. Bd3 Rad8 17. Nc2 Nc6 18. b3 Ne5 19. Qe3 Ng4 20. Qg3 Qh5
21. O-O Be5 22. f4 Bd4+ 23. Nxd4 Rxd4 24. Bxg6 Qc5 25. Bxh7+ Kxh7 26. Qh4+ Nh6
27. Qf2 Rfd8 28. g3 Ng4 29. Rxd4 Nxf2 30. Rxd8 Ng4+ 31. Kh1 Qc6+ 0-1

[Event "Vesterhavs B-Gruppe"]
[Site "Esbjerg"]
[Date "2003.07.11"]
[Round "8"]
[White "Bromann, Thorbjorn"]
[Black "Hunt, Adam"]
[Result "1-0"]
[WhiteElo "2360"]
[BlackElo "2395"]
[PlyCount "93"]
[EventDate "2003.07.04"]
[EventType "tourn"]
[EventRounds "9"]
[EventCountry "DEN"]

1. b3 e5 2. Bb2 d6 3. e3 Nc6 4. Nf3 Nf6 5. d4 e4 6. Nfd2 g6 7. c4 Bg7 8. d5 Ne5
9. Bxe5 dxe5 10. Nc3 Ng4 11. h3 Nxe3 12. fxe3 Qh4+ 13. Ke2 Bg4+ 14. hxg4 Qxh1
15. Ndxe4 f5 16. Nc5 e4 17. Kd2 Qg1 18. Qe2 O-O 19. Re1 Rf7 20. Ne6 Bxc3+ 21.
Kxc3 fxg4 22. c5 Re8 23. Qb5 c6 24. dxc6 Qf2 25. Qe2 bxc6 26. Nd4 h5 27. Nxc6
Qxe2 28. Bxe2 Rf2 29. Nxa7 Ra8 30. Nb5 Rc8 31. b4 Rxg2 32. Nd6 Rc7 33. Nxe4 Re7
34. Bc4+ Kg7 35. Bd5 h4 36. c6 h3 37. Ng5 Rg3 38. Ne6+ Kf6 39. c7 Rxc7+ 40.
Nxc7 h2 41. Rh1 Rxe3+ 42. Kd4 Re2 43. Kd3 Rf2 44. b5 g3 45. b6 Rxa2 46. b7 Rb2
47. Bc6 1-0

[Event "Vesterhavs B-Gruppe"]
[Site "Esbjerg"]
[Date "2003.07.11"]
[Round "8"]
[White "Mikkelsen, Nikolaj"]
[Black "Hovmoller, Kristian"]
[Result "0-1"]
[WhiteElo "2104"]
[BlackElo "2302"]
[PlyCount "68"]
[EventDate "2003.07.04"]
[EventType "tourn"]
[EventRounds "9"]
[EventCountry "DEN"]

1. e4 b6 2. d4 Bb7 3. Nc3 e6 4. Bd3 Nf6 5. Bg5 Be7 6. Nge2 d5 7. exd5 Nxd5 8.
Bxe7 Qxe7 9. Nxd5 Bxd5 10. Nf4 Bb7 11. Qg4 O-O 12. O-O Nd7 13. Rfe1 Nf6 14. Qh4
g6 15. c4 Rad8 16. Nh3 Kg7 17. Rad1 c5 18. Be4 Bxe4 19. Rxe4 cxd4 20. Rexd4 e5
21. Rxd8 Rxd8 22. Rf1 Rd4 23. Qg3 Rxc4 24. Re1 Qc5 25. Qd3 Rd4 26. Qe2 Qa5 27.
Ng5 e4 28. Qe3 h6 29. Nh3 Rd3 30. Qc1 Rd2 31. a3 Rxb2 32. Rxe4 Qxa3 33. Rh4 Rd2
34. Qe1 Qd6 0-1

[Event "Vesterhavs B-Gruppe"]
[Site "Esbjerg"]
[Date "2003.07.11"]
[Round "8"]
[White "Pedersen, Christian Kyndel"]
[Black "Skytte, Rasmus"]
[Result "1-0"]
[WhiteElo "2271"]
[BlackElo "2404"]
[PlyCount "94"]
[EventDate "2003.07.04"]
[EventType "tourn"]
[EventRounds "9"]
[EventCountry "DEN"]

1. Nf3 g6 2. c4 Bg7 3. d4 d6 4. Nc3 Bg4 5. e4 Nc6 6. Be3 e5 7. d5 Nd4 8. Be2
Bxf3 9. Bxf3 Ne7 10. Bxd4 exd4 11. Ne2 O-O 12. Nxd4 c5 13. Ne2 Bxb2 14. Rb1 Bf6
15. Rxb7 Qa5+ 16. Qd2 Qa6 17. e5 dxe5 18. d6 Rad8 19. d7 Qxc4 20. O-O Bg7 21.
Rc1 Qe6 22. Rxc5 Kh8 23. Nc3 f5 24. Be2 e4 25. Bb5 f4 26. Bc4 e3 27. Bxe6 exd2
28. Nd1 f3 29. gxf3 Bh6 30. Rbc7 Nf5 31. Rc8 Nd4 32. Bg4 Nf5 33. Bxf5 gxf5 34.
Rxd8 Rxd8 35. Rc8 Bg5 36. Kf1 Kg7 37. Rxd8 Bxd8 38. Ke2 Kf7 39. Kxd2 Ke6 40.
Nc3 f4 41. Ne2 Kxd7 42. Nxf4 Bc7 43. Nh5 Bxh2 44. f4 Ke6 45. Ke3 Kf5 46. Kf3
Kg6 47. Ng3 h5 1-0

[Event "Vesterhavs B-Gruppe"]
[Site "Esbjerg"]
[Date "2003.07.12"]
[Round "9"]
[White "Hovmoller, Kristian"]
[Black "Pedersen, Christian Kyndel"]
[Result "0-1"]
[WhiteElo "2302"]
[BlackElo "2271"]
[PlyCount "82"]
[EventDate "2003.07.04"]
[EventType "tourn"]
[EventRounds "9"]
[EventCountry "DEN"]

1. d4 Nf6 2. Nf3 g6 3. b3 Bg7 4. Bb2 O-O 5. e3 d6 6. c4 e5 7. dxe5 Nfd7 8. Nbd2
Nc6 9. a3 Ndxe5 10. Nxe5 Nxe5 11. Qc2 Qh4 12. g3 Qh5 13. Bg2 Bf5 14. e4 Rae8
15. O-O Bh3 16. Bxe5 Bxe5 17. Rae1 Bg4 18. f3 Bd7 19. Qd3 Bg7 20. b4 Qe5 21.
Kh1 a5 22. b5 Qc3 23. Re3 Qxd3 24. Rxd3 Re5 25. a4 Rc5 26. Rc1 Be6 27. f4 b6
28. Re3 g5 29. f5 Bc8 30. Nb3 Re5 31. g4 Bb7 32. Nd2 Rfe8 33. Rce1 R5e7 34. Bf1
Bd4 35. Rd3 Rxe4 36. Rxe4 Rxe4 37. Nf3 Rxg4 38. Bg2 Bf6 39. h3 Rxc4 40. Kh2
Rxa4 41. Nxg5 Bxg2 0-1

[Event "Vesterhavs B-Gruppe"]
[Site "Esbjerg"]
[Date "2003.07.12"]
[Round "9"]
[White "Hunt, Adam"]
[Black "Mikkelsen, Nikolaj"]
[Result "1-0"]
[WhiteElo "2395"]
[BlackElo "2104"]
[PlyCount "51"]
[EventDate "2003.07.04"]
[EventType "tourn"]
[EventRounds "9"]
[EventCountry "DEN"]

1. e4 c5 2. Nf3 d6 3. d4 cxd4 4. Nxd4 Nf6 5. Nc3 a6 6. Bc4 e6 7. O-O b5 8. Bb3
Be7 9. Qf3 Qc7 10. Qg3 O-O 11. Bh6 Ne8 12. Rad1 b4 13. Na4 Bd7 14. c3 a5 15. c4
Kh8 16. Be3 Bxa4 17. Bxa4 Qxc4 18. Rc1 Qd3 19. Qf3 Nf6 20. e5 Nd5 21. Bc2 Qa6
22. Qh3 g6 23. Nxe6 Rg8 24. Ng5 Bxg5 25. Bxg5 Re8 26. Be4 1-0

[Event "Vesterhavs B-Gruppe"]
[Site "Esbjerg"]
[Date "2003.07.12"]
[Round "9"]
[White "Berkvens, Joost"]
[Black "Bromann, Thorbjorn"]
[Result "1-0"]
[WhiteElo "2459"]
[BlackElo "2360"]
[PlyCount "77"]
[EventDate "2003.07.04"]
[EventType "tourn"]
[EventRounds "9"]
[EventCountry "DEN"]

1. d4 d5 2. c4 Nc6 3. Nc3 dxc4 4. Nf3 Nf6 5. Bg5 a6 6. d5 Na7 7. e4 Nb5 8. Qc2
Nxc3 9. bxc3 b5 10. a4 Rb8 11. axb5 axb5 12. Nd4 Bd7 13. Be2 Qc8 14. O-O c5 15.
dxc6 Bxc6 16. e5 Be4 17. Qd2 Nd5 18. e6 g6 19. exf7+ Kxf7 20. Bf3 Bxf3 21. Nxf3
Qf5 22. Rfe1 Rd8 23. Ne5+ Kg8 24. Ra8 Rxa8 25. Qxd5+ Kg7 26. Be3 Ra6 27. Bd4
Rf6 28. Qxb5 h5 29. Qxc4 Kh7 30. Nf3 Bg7 31. Rxe7 Rc8 32. Qa2 Qf4 33. h4 Qc1+
34. Re1 Qf4 35. Ng5+ Kh8 36. Re7 Rcf8 37. Rxg7 Qc1+ 38. Kh2 Kxg7 39. Qa7+ 1-0

[Event "Vesterhavs B-Gruppe"]
[Site "Esbjerg"]
[Date "2003.07.12"]
[Round "9"]
[White "Kasparov, Sergey"]
[Black "Vovk, Oksana"]
[Result "1/2-1/2"]
[WhiteElo "2482"]
[BlackElo "2107"]
[PlyCount "86"]
[EventDate "2003.07.04"]
[EventType "tourn"]
[EventRounds "9"]
[EventCountry "DEN"]

1. e4 e6 2. d4 d5 3. Nd2 c5 4. exd5 exd5 5. Ngf3 Nc6 6. Bb5 Bd6 7. dxc5 Bxc5 8.
O-O Nge7 9. Nb3 Bd6 10. Re1 O-O 11. c3 Bg4 12. Bg5 Qc7 13. h3 Bh5 14. Be2 Rfe8
15. Nh4 Bxe2 16. Rxe2 Rad8 17. Qc2 Bf4 18. Bxe7 Rxe7 19. Nf3 g6 20. Rxe7 Nxe7
21. Rd1 Bh6 22. Qe2 Bg7 23. Qb5 b6 24. Qe2 Nf5 25. Qa6 Bf6 26. Qa4 a5 27. Qb5
Nd6 28. Qe2 Qc4 29. Nc1 a4 30. Rd3 Ne4 31. a3 Nc5 32. Re3 Ne6 33. Nd3 d4 34.
Re4 Nc5 35. Re8+ Rxe8 36. Qxe8+ Kg7 37. Nde5 dxc3 38. Nxc4 c2 39. Qe3 Nb3 40.
Nxb6 Bxb2 41. Nxa4 c1=Q+ 42. Kh2 Qxe3 43. fxe3 Bxa3 1/2-1/2

[Event "Vesterhavs B-Gruppe"]
[Site "Esbjerg"]
[Date "2003.07.12"]
[Round "9"]
[White "Skytte, Rasmus"]
[Black "Hunt, Harriet"]
[Result "1-0"]
[WhiteElo "2404"]
[BlackElo "2402"]
[PlyCount "103"]
[EventDate "2003.07.04"]
[EventType "tourn"]
[EventRounds "9"]
[EventCountry "DEN"]

1. e4 c5 2. c3 d5 3. exd5 Qxd5 4. d4 g6 5. dxc5 Qxc5 6. Be3 Qa5 7. Na3 Nc6 8.
Qb3 Nf6 9. Bc4 e6 10. Nb5 Be7 11. Nf3 O-O 12. O-O a6 13. Nbd4 Nxd4 14. Bxd4 b5
15. Be2 Bb7 16. c4 Rfd8 17. Rfd1 Rac8 18. cxb5 axb5 19. Qxb5 Qa8 20. Qg5 Nd5
21. Qh6 Bf8 22. Qh4 h6 23. Qg3 Nb4 24. Be5 Rxd1+ 25. Bxd1 Rd8 26. h4 Nd3 27.
Bd4 Qa5 28. Bc3 Qb6 29. b4 Bd6 30. Ne5 Nxe5 31. Bxe5 Bxe5 32. Qxe5 Qxb4 33. h5
g5 34. Bf3 Bxf3 35. gxf3 Qf4 36. Qxf4 gxf4 37. a4 Ra8 38. a5 Ra6 39. Kf1 Kf8
40. Ke2 Ke7 41. Kd3 Kd6 42. Ke4 e5 43. Kf5 Kd5 44. Ra4 Kd6 45. Kf6 Ra7 46. a6
Kd5 47. Ra5+ Kd4 48. Kf5 Kd3 49. Kxe5 Ke2 50. Kxf4 Kxf2 51. Ra2+ Ke1 52. Kf5
1-0